[Event "EICC 2017"]
[Site "Minsk"]
[Date "2017.06.01"]
[Round "3"]
[White "Bluebaum, Matthias"]
[Black "Soffer, Ram"]
[Result "1/2-1/2"]
[WhiteElo "2632"]
[BlackElo "2508"]
[Annotator "TA"]
[PlyCount "100"]
[EventDate "2017.??.??"]
[EventCountry "BLR"]
[SourceTitle "playchess.com"]
[Source "ChessBase"]
[SourceQuality "1"]

{[%evp 9,100,12,18,18,39,36,35,32,47,0,0,0,15,0,9,0,0,-11,-5,0,-8,-54,-56,-48,-48,-51,-50,-50,-44,-71,-66,-69,-61,-87,-87,-91,-72,-103,-47,-56,-47,-75,-73,-94,-85,-92,-80,-92,-48,-48,-48,-52,-49,-53,-44,-49,-47,-47,-49,-51,-50,-44,-47,-53,0,0,0,-75,-61,-61,-46,-46,-17,-58,0,0,0,0,0,-15,0,0,0,0,0,0,0,0,0,-18,0,0,0]} 1. d4 d5 2. c4 c6 3. Nf3 Nf6 4. g3 Bf5 5. Nc3 e6 6. Nh4 {D11: Slav Defence: 3 Nf3 sidelines and 3...Nf6 4 e3 Bg4} Bg4 7. f3 (7. Qb3 Qb6 8. h3 Bh5 9. g4 Bg6 10. Nxg6 hxg6 11. Bg2 Na6 12. Bf4 Qb4 {1-0 (46) Gelfand,B (2734)-Inarkiev,E (2730) Magas 2016}) 7... Bh5 8. Qb3 {White is slightly better.} Qb6 9. c5 Qxb3 10. axb3 Nfd7 $146 ({Predecessor:} 10... Nbd7 11. g4 Bg6 12. Nxg6 hxg6 {1-0 (60) Delorme,A (2494)-Patuzzo,F (2368) Cannes 2014}) 11. g4 Be7 12. Nf5 exf5 13. gxh5 Bh4+ 14. Kd2 Bf6 15. Kd3 Na6 $36 {[%cal Bb8a6,Ba6c7,Bc7e6][%mdl 2080] [#] White must now prevent ...Nb4+. Black is pushing.} 16. Na2 Nc7 17. e3 Ne6 18. b4 a6 19. f4 g6 20. Nc3 Nc7 ({Of course not} 20... gxh5 $6 {[#]} 21. b5 $1 $14 {[%mdl 512]}) 21. h4 Be7 22. Be2 Nf6 23. Bd2 O-O-O ({Black should try} 23... Nxh5 $17 24. Bxh5 gxh5) 24. Rag1 Ne6 25. Bf3 Ng7 26. h6 Ne6 27. h5 Ng8 28. Ra1 Nxh6 29. b5 axb5 30. Ra8+ Kd7 31. Ra7 Rb8 32. hxg6 hxg6 33. Nxd5 cxd5 34. Bxd5 {Black should prevent c6+.} Nd8 35. Ra5 Bf6 36. Rxb5 Ng4 (36... Kc8 $15) 37. Rxh8 $11 Bxh8 38. Rb6 (38. Ba5 $11 {keeps the balance.}) 38... Nf6 39. Bc4 Ra8 40. Be1 Kc7 41. Bh4 Ne6 (41... Nd7 $15 42. Rd6 Bg7 43. Bxd8+ Rxd8 44. Bxf7 Bf8 45. Rxg6 Nxc5+ 46. Kc4 Ne4) 42. Bxf6 {The position is equal.} Bxf6 43. Bd5 Ra7 44. b4 Bh4 {And now ...Nd8 would win.} 45. Bxe6 fxe6 46. Rxe6 {KRB-KR} Ra6 47. Re8 Kd7 48. Rb8 Kc7 (48... b6 $5) 49. Re8 Kd7 50. Rb8 Kc7 {Precision: White = 57%, Black = 58%.} 1/2-1/2

[Event "EICC 2017"]
[Site "Minsk"]
[Date "2017.06.01"]
[Round "3"]
[White "Yilmaz, Mustafa"]
[Black "Meribanov, Vitaly"]
[Result "1-0"]
[WhiteElo "2630"]
[BlackElo "2385"]
[Annotator "TA"]
[PlyCount "57"]
[EventDate "2017.??.??"]
[EventCountry "BLR"]
[SourceTitle "playchess.com"]
[Source "ChessBase"]
[SourceQuality "1"]

{[%evp 11,57,-3,27,19,11,14,29,21,15,16,15,16,22,10,31,12,25,0,19,4,21,0,21,8,42,32,50,68,95,106,104,81,98,104,356,363,552,555,525,237,784,750,825,822,885,873,1442,1440]} 1. d4 Nf6 2. c4 e6 3. Nf3 b6 4. g3 Ba6 5. Qb3 Nc6 6. Nbd2 Na5 7. Qc3 {E15: Queen's Indian: 4 g3 sidelines, 4 g3 Ba6 and 4 g3 Bb7 early deviations} (7. Qa4 Bb7 8. Bg2 Rc8 9. c5 Nc6 10. Ne5 Nd5 11. Nd3 a5 12. O-O Ba6 13. Ne4 b5 14. Qd1 Nxd4 15. Nf4 Nxf4 16. Bxf4 {0-1 (32) Sargissian,G (2673)-Harikrishna,P (2740) Linares 2015}) 7... c5 8. dxc5 $1 {aiming for b4.} bxc5 9. e4 {White has an edge.} Bb7 10. e5 $1 {[%cal Re5f6]} Ne4 11. Nxe4 Bxe4 12. Bg2 Be7 13. O-O O-O 14. Qe3 {[#]} (14. Bd2 $5 {[%cal Rc3a5]} Nc6 15. Qe3 $14) 14... Bg6 $146 ({Predecessor:} 14... Bf5) 15. b3 (15. Nh4 $5) 15... Nc6 16. Ba3 Qa5 17. Bb2 Qc7 18. Nh4 Bh5 19. f4 {[%cal Bf2f4,Bf4f5][%mdl 32]} Rae8 {[#]} 20. f5 $1 {[%cal Rf5f6] And now f6 would win.} f6 {[%cal Rc6e5]} 21. exf6 Rxf6 22. Qg5 ({Of course not} 22. Bxf6 $6 Bxf6 23. Qe4 Bd4+ 24. Kh1 Bxa1 $11) 22... Bg6 $2 {[%mdl 8192]} (22... Be2 $16) 23. Nxg6 $18 Rxg6 (23... hxg6 {was called for.} 24. Bxf6 Bxf6 25. Qxg6 Rf8 26. fxe6 Ne5) 24. Qh5 exf5 25. Qxf5 $40 {[%mdl 128] White is out for blood.} (25. Rae1 $142 Rb8 26. Rxf5) 25... Kh8 $2 (25... Bf6 26. Qd5+ (26. Bxf6 Rxf6 27. Qd5+ Kh8 $18) 26... Re6) 26. Rae1 {White is clearly winning.} Qd8 27. Bxc6 dxc6 28. Qf7 Rg5 {[#]} 29. Rxe7 $1 {[%mdl 512] Precision: White = 68%, Black = 34%.} 1-0

[Event "EICC 2017"]
[Site "Minsk"]
[Date "2017.06.01"]
[Round "3"]
[White "Kovalev, Vladislav"]
[Black "Shevchenko, Kirill"]
[Result "1/2-1/2"]
[WhiteElo "2629"]
[BlackElo "2491"]
[Annotator "TA"]
[PlyCount "191"]
[EventDate "2017.??.??"]
[EventCountry "BLR"]
[SourceTitle "playchess.com"]
[Source "ChessBase"]
[SourceQuality "1"]

{[%evp 17,191,29,40,32,29,31,36,32,27,35,34,30,37,23,30,25,27,0,0,0,0,0,0,0,0,0,0,0,0,0,13,0,18,26,44,41,49,0,6,0,0,0,0,0,0,0,0,0,0,0,0,0,0,0,0,0,0,0,68,61,61,61,66,14,14,14,14,22,81,0,0,0,0,0,0,0,0,0,0,0,0,0,0,0,0,0,0,0,0,0,0,0,0,0,0,0,0,0,0,0,0,0,0,0,0,0,0,0,0,0,0,-9,0,0,0,0,0,0,0,0,0,0,0,0,0,0,0,0,0,0,0,0,0,0,0,0,0,0,0,0,0,0,0,0,0,0,0,0,0,0,0,0,0,0,0,0,0,0,0,0,0,0,0,0,0,0,0,0,0,0,0,0,0,0,0,-11]} 1. e4 c5 2. Nf3 d6 3. d4 cxd4 4. Nxd4 Nf6 5. Nc3 a6 6. h3 e5 7. Nde2 h5 {B90: Sicilian Najdorf: Unusual White 6th moves, 6 Be3 Ng4 and 6 Be3 e5} 8. g3 Nbd7 (8... Be6 9. Bg2 b5 10. a4 b4 11. Nd5 Nxd5 12. exd5 Bf5 13. c3 bxc3 14. Nxc3 Be7 15. O-O {½-½ (30) Xiong,J (2674)-Robson,R (2668) Saint Louis 2017}) 9. a4 b6 {LiveBook: 9 Games. White has an edge.} 10. Nd5 Nxd5 11. Qxd5 Rb8 {Threatening ...Bb7.} 12. Nc3 Bb7 13. Qd1 Be7 $146 ({Predecessor:} 13... Nc5 14. Bg2 h4 15. Be3 {½-½ (37) Telepnev,I (2489)-Lelenko,A (2463) ICCF email 2013}) 14. Bg2 h4 15. g4 Nc5 16. O-O Ne6 17. Be3 Bg5 18. Bxg5 Nxg5 19. Qd2 Ne6 20. Rad1 Ke7 21. Rfe1 g5 22. Re3 Qd7 23. Bf1 Nf4 24. Bc4 Rhc8 25. Bb3 Rc5 26. Ne2 Rd8 27. Kh2 Bc6 28. Qb4 Nxe2 29. Rxe2 Qc7 30. Qd2 f6 31. Qe3 Qd7 32. Red2 {And now Ba2 would win.} Qb7 33. Re1 Qd7 34. Ba2 a5 $1 (34... Bxa4 $2 35. b3 $18) 35. Qb3 {[%csl Ga2][%cal Rb3f7] [#]} Rf8 36. Red1 Bxa4 37. Qxb6 Bc6 ({Black should play} 37... Rc6 $11 38. Qxa5 Bxc2) 38. Rxd6 $14 Qxd6 39. Rxd6 Kxd6 40. Bd5 (40. Qa7 $14 Bd7 41. Qb6+ Bc6 42. Qb3) 40... Rxc2 $11 41. Qxa5 Rb8 $1 42. Qa3+ Rc5 (42... Kc7 $11 {keeps the balance.}) 43. Qa6 ({Much less strong is} 43. Bxc6 $6 Kxc6 44. b4 Rcb5 $18) (43. b4 $16 Rxd5 44. exd5 Bxd5 45. b5+ Ke6 46. Qa6+ Ke7 47. b6) 43... Rc2 $1 {The position is equal.} ({Wrong is} 43... Rxb2 $2 44. Bxc6 Rxf2+ 45. Kg1 $18) 44. Kg1 Kc7 $1 45. Qa5+ Rb6 $1 46. b4 Kb7 47. Qa3 Bxd5 48. exd5 {[%mdl 4096] Endgame KQ-KRR} Rd2 49. Qf3 Rd6 50. Qe4 Kb6 ({Much worse is} 50... R6xd5 $6 51. Qf3 $16) 51. Qc4 {[#] Hoping for Qc5+.} R2xd5 52. Kg2 Rb5 53. Qc8 Rxb4 54. Qb8+ Kc5 55. Qc7+ Rc6 56. Qe7+ (56. Qd7 {is more complex.} Rcb6 57. Qe7+ Kd5 58. Qd7+ Kc4 59. Qc7+) 56... Kc4 57. Qf7+ Kc3 58. Qd7 Rcc4 59. Qd1 Rf4 60. Qc1+ Kd4 61. Qd2+ Kc5 62. Qc3+ Kd6 63. Qd3+ Rbd4 64. Qa3+ Ke6 {Strongly threatening ...Rd2.} 65. Qf8 Rc4 66. Qe8+ Kd5 67. Qd7+ Kc5 68. Qc7+ Kb4 69. Qb6+ Kc3 70. Qa5+ Kb2 71. Qb5+ Kc1 72. Qa5 Rb4 73. Qc5+ Kb1 {aiming for ...Rb2.} 74. Qc3 Rfd4 (74... Rfc4 $5 {[%cal Rc4c3]} 75. Qe1+ Kc2 $11) 75. Qf3 Rb6 76. Qc3 Rd1 77. Qc4 (77. Qe3 $5 {[%cal Re3b6]} Rd4 78. Qe2 $17) 77... Rd4 (77... Rd2 {is more complex.} 78. Qf1+ Ka2 79. Qc4+ Kb2 80. Qe4 Rb3) 78. Qf1+ (78. Qe2 {seems wilder.} e4 79. Qe3 Rbb4 80. Qc3 Ka2 81. Qc2+) 78... Kb2 79. Qe2+ Ka3 80. Qf3+ Kb4 81. Qe2 Kc5 82. Qc2+ Rc4 83. Qd2 Rd4 84. Qc2+ Kd6 85. Qc8 Rc6 86. Qd8+ Ke6 87. Qe8+ Kd5 88. Qd7+ Kc5 89. Qa7+ Kd6 90. Qb8+ Kd7 91. Qf8 e4 92. Qf7+ Kc8 93. Qe7 Rcd6 94. Kg1 Rd3 {With the idea ...e3!} (94... e3 $5 {[%cal Re3f2]} 95. Qf8+ Kb7 $11) 95. Kg2 R3d4 (95... e3 $5 96. fxe3 Rd2+ 97. Kf3 Rc6 $11) 96. Kg1 {Precision: White = 83%, Black = 70%.} 1/2-1/2

[Event "EICC 2017"]
[Site "Minsk"]
[Date "2017.06.01"]
[Round "3"]
[White "Fedorchuk, Sergey A"]
[Black "Erturan, Yakup"]
[Result "0-1"]
[WhiteElo "2621"]
[BlackElo "2367"]
[Annotator "TA"]
[PlyCount "80"]
[EventDate "2017.??.??"]
[EventCountry "BLR"]
[SourceTitle "playchess.com"]
[Source "ChessBase"]
[SourceQuality "1"]

{[%evp 9,80,0,2,-16,-24,-22,-8,-20,-27,-68,-59,-61,-64,-62,-60,-66,-55,-68,-56,-85,-72,-75,-87,-106,-100,-114,-107,-115,-67,-141,-52,-66,-63,-71,-65,-75,-30,-29,0,-60,-72,-106,-124,-117,-111,-88,-94,-129,-124,-163,-83,-128,0,-16,0,0,75,0,16,-74,-65,-65,-60,-507,-497,-504,-504,-29992,-29993,-29997,-29998,-29998,-29999]} 1. e4 e5 2. Bc4 Nc6 3. d3 Bc5 4. c3 (4. Nc3 d6 5. Na4 Na5 6. Bb3 Nxb3 7. axb3 Ne7 8. Nf3 Ng6 9. h3 a6 10. Nxc5 dxc5 11. Be3 Qe7 12. O-O O-O 13. Nd2 {1-0 (53) Hou,Y (2673)-Fedorchuk,S (2673) Bastia 2014}) 4... Nf6 5. Bg5 Be7 6. Qf3 $146 {C23: Bishop's Opening: 2...Bc5} ({Predecessor:} 6. Nf3 d6 7. Nbd2 O-O 8. O-O Na5 9. Bb5 Bd7 10. Ba4 Nc6 11. Re1 {1-0 (36) Bilus Gagic,A (2016)-Lovric,M Kastela 2005}) 6... d6 7. h3 O-O 8. Ne2 {The position is equal.} Na5 9. Ng3 Nxc4 10. dxc4 Be6 11. Na3 Nd7 12. Be3 Bg5 13. Bxg5 Qxg5 14. O-O a6 {[%cal Ba7a6,Ba6a5][%mdl 32]} 15. b3 Nc5 16. b4 Nd7 17. Qe2 Nb6 18. Rfb1 a5 19. Qd3 (19. c5 $15 axb4 20. cxb6 Rxa3 21. bxc7) 19... Qe7 ({Black should try} 19... g6 $17 20. Re1 h5) 20. Nf5 $1 $15 {[%cal Rf5e7]} Bxf5 21. exf5 e4 22. Qg3 Qf6 23. Nb5 Qxf5 ({Don't play} 23... Nxc4 24. Nxc7 Ra7 25. Nd5 $14) (23... Na4 $5 {[%cal Rc7c6]} 24. Nxc7 Nxc3 $15) 24. c5 (24. Nxc7 $11 Rac8 25. Qxd6 Nxc4 26. Qd5) 24... dxc5 25. Nxc7 Rad8 26. bxa5 {[#]} Nc4 $1 27. Rxb7 Nxa5 28. Rb5 Nc4 29. Na6 Rd5 (29... Qf6 $19 30. Nxc5 Qc6) 30. a4 Nd6 ({Better is} 30... h5 $17 31. Rb8 Rd6 32. Rxf8+ Kxf8) 31. Rb8 Rxb8 32. Nxb8 Rd3 {[#]} (32... Qc8 $11 33. Rb1 h6) 33. Qh4 (33. Nc6 $1 $16 {[%cal Rc6e7]} Kf8 34. Qe5 Qxe5 35. Nxe5 Rxc3 36. a5) 33... g5 34. Qh6 (34. Qg4 $11) 34... f6 $17 {aiming for ...e3.} 35. Nc6 Nc8 $1 $40 {[%mdl 128] White must now prevent ...Rd2. Black mounts an attack.} 36. Rb1 $2 {[%mdl 8192]} (36. Qh5 $15 Qe6 37. Na5) 36... Rd2 $19 37. Rf1 {[#]} e3 $1 {[%mdl 512] ( -> ...e2)} 38. fxe3 (38. Qh5 $19 exf2+ 39. Kh2 Qf4+ 40. g3) 38... Qc2 {Black mates.} 39. Qxf6 Rxg2+ 40. Kh1 Rh2+ {Precision: White = 27%, Black = 56%.} 0-1

[Event "EICC 2017"]
[Site "Minsk"]
[Date "2017.06.01"]
[Round "3"]
[White "Popov, Ivan"]
[Black "Godena, Michele"]
[Result "1/2-1/2"]
[WhiteElo "2618"]
[BlackElo "2506"]
[Annotator "TA"]
[PlyCount "37"]
[EventDate "2017.??.??"]
[EventCountry "BLR"]
[SourceTitle "playchess.com"]
[Source "ChessBase"]
[SourceQuality "1"]

{[%evp 19,37,2,11,-7,-3,-15,-16,-14,-12,-16,-16,-20,0,0,10,-43,-43,-38,-36,-38]} 1. e4 e5 2. Nf3 Nc6 3. Bc4 Bc5 4. c3 {[%cal Bc2c3,Bc3d4][%mdl 32]} Nf6 5. d4 exd4 6. e5 d5 7. Bb5 Ne4 8. cxd4 Bb6 9. Nc3 O-O 10. Be3 {C54: Giuoco Piano: 4 c3 Nf6, main lines with 5 d4 and 5 d3} Bd7 {LiveBook: 4 Games} 11. Bd3 Bg4 12. Qa4 $146 {The position is equal.} ({Predecessor:} 12. Nxe4 dxe4 13. Bxe4 Nxd4 14. O-O Bxf3 15. Bxf3 c6 16. Be4 Qh4 17. f4 Rad8 {½-½ (25) Kryvoruchko,Y (2678)-Adams,M (2740) Tromsoe 2013}) 12... Nxc3 13. bxc3 f6 14. exf6 $1 Qxf6 15. Be2 Rae8 16. O-O Ne7 17. h3 ({Better is} 17. Rae1 $11) 17... Bxf3 $15 18. Bxf3 c6 19. Bg4 1/2-1/2

[Event "EICC 2017"]
[Site "Minsk"]
[Date "2017.06.01"]
[Round "3"]
[White "Kozul, Zdenko"]
[Black "Firat, Burak"]
[Result "1-0"]
[WhiteElo "2617"]
[BlackElo "2499"]
[Annotator "TA"]
[PlyCount "53"]
[EventDate "2017.??.??"]
[EventCountry "BLR"]
[SourceTitle "playchess.com"]
[Source "ChessBase"]
[SourceQuality "1"]

{[%evp 14,53,15,3,33,13,47,45,75,79,85,86,84,82,81,71,133,78,71,89,73,72,72,77,137,133,148,150,141,127,214,237,250,243,313,310,576,391,512,551,797,796]} 1. Nf3 d5 2. c4 d4 3. b4 g6 4. d3 Bg7 5. g3 e5 6. Nbd2 Ne7 7. Bg2 O-O 8. O-O h6 {A09: Réti Opening: 1 Nf3 d5 2 c4} 9. a4 g5 (9... a5 10. b5 c5 11. bxc6 Nexc6 12. Ba3 Nb4 13. Ne1 N8a6 14. Nc2 Re8 15. Bxb4 axb4 16. Nb3 {½-½ (70) Kramnik,V (2777)-Andreikin,D (2720) Baku 2015}) 10. Nb3 Ng6 {White is slightly better.} 11. b5 f5 $146 ({Predecessor:} 11... Nd7 12. a5 a6 13. Ba3 Re8 14. Nfd2 f5 15. Qc2 Kh7 16. Rac1 {1-0 (31) Miroshnichenko,E (2632)-Gasanov,E (2550) Poltava 2008}) 12. Nfd2 c6 13. Ba3 Re8 14. Rb1 Qc7 (14... g4 $142) 15. e4 (15. e3 $142) 15... f4 $16 16. Qh5 $36 {[%mdl 2048] White has strong initiative.} Qf7 17. Bh3 Bxh3 18. Qxh3 Bf8 (18... cxb5 $142 19. cxb5 (19. axb5 a5 $14) 19... Nd7) 19. Bxf8 Qxf8 {[#]} 20. c5 $1 a6 21. b6 {[%cal Bb5b6,Bb6b7][%mdl 32] Black must now prevent Na5.} Re7 {[#]} (21... a5 $16) 22. Na5 $1 $18 {[%cal Bb3a5,Ba5b7,Bb7d6][%mdl 32]} Nd7 23. Nxb7 Nf6 {Hoping for ...g4.} 24. Qf5 Qg7 $2 (24... Rxb7 25. Qxg6+ Qg7) 25. Nd6 Rf8 26. b7 Rb8 27. Qc8+ {Precision: White = 91%, Black = 25%.} 1-0

[Event "EICC 2017"]
[Site "Minsk"]
[Date "2017.06.01"]
[Round "3"]
[White "Tomczak, Jacek"]
[Black "Badelka, Olga"]
[Result "1-0"]
[WhiteElo "2615"]
[BlackElo "2350"]
[Annotator "TA"]
[PlyCount "43"]
[EventDate "2017.??.??"]
[EventCountry "BLR"]
[SourceTitle "playchess.com"]
[Source "ChessBase"]
[SourceQuality "1"]

{[%evp 11,43,38,60,34,25,27,48,47,93,90,64,75,93,60,76,92,110,79,91,93,80,99,119,111,107,85,662,249,238,231,253,240,616,602]} 1. e4 c5 2. Nf3 Nc6 3. d4 cxd4 4. Nxd4 Qb6 5. Nb3 Nf6 6. Nc3 e6 {LiveBook: 2436 Games} 7. Qf3 {B33: Sicilian: Pelikan and Sveshnikov Variations} (7. Bd3 a6 8. f4 d5 9. e5 Nd7 10. Qg4 Nc5 11. Nxc5 Qxc5 12. a3 g6 13. Nd1 Nd4 14. Ne3 Bd7 15. O-O Bb5 {1-0 (58) Robson,R (2668)-Kamsky,G (2659) Saint Louis 2017}) 7... Bb4 8. Bg5 Ne5 9. Qg3 $1 {[%cal Rg3e5] White is slightly better.} Ng6 {Hoping for ...Nxe4.} 10. O-O-O Bxc3 11. Qxc3 Nxe4 $146 ({Predecessor:} 11... Qxf2 12. Bd3 O-O 13. Rdf1 Qb6 14. h4 Ng4 {1-0 (53) Matei,C (2476)-Rotariu,G (2350) ICCF email 2011}) 12. Qxg7 {Bd3 is the strong threat.} Nxg5 13. h4 $1 Qxf2 14. hxg5 Qe3+ 15. Kb1 {[%mdl 1024] White has strong compensation.} Qe5 16. Qh6 $1 ({Avoid the trap} 16. Rxh7 $2 Qxg7 17. Rxg7 Kf8 $19) 16... b6 17. Bd3 {Strongly threatening Rhe1.} Bb7 18. Rhe1 Qg3 $2 {[%mdl 8192] [#]} (18... Qc7 $16) 19. Bxg6 $2 (19. Rxe6+ $1 {[%mdl 512]} Kd8 (19... dxe6 20. Bb5+) 20. Bxg6 $1 {[%mdl 512]} fxe6 21. Qg7) 19... fxg6 $18 {[#]} 20. Rxe6+ $1 {[%mdl 512]} dxe6 21. Qg7 $1 {[%csl LRb7,LRh8] White threatens Rd7 and mate.} Bd5 $2 (21... Qf4 22. Qxh8+ Qf8 23. Qxh7 Bd5 24. Qxg6+ Qf7) 22. Rxd5 {Precision: White = 73%, Black = 37%.} 1-0

[Event "EICC 2017"]
[Site "Minsk"]
[Date "2017.06.01"]
[Round "3"]
[White "Melkumyan, Hrant"]
[Black "Potapov, Pavel"]
[Result "1-0"]
[WhiteElo "2613"]
[BlackElo "2497"]
[Annotator "TA"]
[PlyCount "93"]
[EventDate "2017.??.??"]
[EventCountry "BLR"]
[SourceTitle "playchess.com"]
[Source "ChessBase"]
[SourceQuality "1"]

{[%evp 10,93,8,10,20,9,69,66,62,46,42,54,49,51,55,35,57,50,51,50,45,34,52,50,94,43,66,66,97,104,96,75,93,88,93,85,114,121,178,169,161,37,67,68,84,41,50,27,31,29,36,37,51,41,45,36,53,25,174,138,168,161,135,149,1726,1710,1638,1635,1476,237,221,0,1514,1514,1407,1337,947,953,851,902,891,893,865,859,710,832]} 1. d4 f5 2. Nc3 Nf6 3. Bg5 d5 4. Nf3 e6 5. e3 Be7 6. Bd3 O-O {A80: Dutch Defence: Unusual White second moves} 7. O-O Bd7 (7... h6 $11 8. Bf4 Bd6) (7... Ne4 8. Bxe7 Qxe7 9. Ne2 Nd6 10. Rc1 Nd7 11. c4 c6 12. Qb3 Kh8 13. Qa3 a5 14. Ne5 {½-½ (45) So,W (2770)-Carlsen,M (2855) Leuven 2016}) 8. Ne2 $14 Nc6 {[%cal Bb8c6,Bc6e7,Be7g6][%mdl 32] White is slightly better.} 9. a3 h6 10. Bxf6 Bxf6 11. c4 Ne7 $146 ({Predecessor:} 11... dxc4 12. Bxc4 {1-0 (28) Verich,O (1004)-Cousteix,T (1000) LSS email 2010}) 12. Ne5 c6 13. b4 Be8 14. Qb3 g5 15. Rac1 Ng6 16. f4 Be7 17. a4 ({White should try} 17. g4 $1 $16) 17... Qd6 18. b5 Qb4 19. Qc2 Nxe5 20. dxe5 Bc5 21. Nd4 {Strongly threatening Rb1.} Bxd4 22. exd4 dxc4 23. Bxc4 Bf7 (23... Kg7 $16) 24. bxc6 $18 bxc6 {[#]} 25. Qf2 (25. g4 $1 $18 {[%mdl 512]}) 25... Rad8 26. Rfd1 Rd7 27. Be2 Rfd8 {[%cal Rd7d4]} 28. Rc4 (28. Rxc6 Rxd4 29. Rxd4 Rxd4 $15) 28... Qb2 29. fxg5 hxg5 30. Bf3 Qb3 31. Rdc1 $1 Qa3 32. Qd2 (32. Rxc6 Rxd4 33. h3 Rxa4 $11) 32... f4 33. h3 ({Of course not} 33. Bxc6 Rxd4 34. Rxd4 Rxd4 $15) (33. h4 $5) 33... Rxd4 (33... c5 $1 $11) 34. Rxd4 Rxd4 35. Qxd4 Qxc1+ 36. Kh2 c5 $2 {[%mdl 8192]} (36... Bg6 $16 37. Qd8+ (37. Qxa7 Qe1 $11) 37... Kh7 38. Qc7+ (38. Qxg5 Bf5 $18) 38... Kh6) 37. Qd8+ Kg7 38. Qxg5+ Kf8 39. Qd8+ $2 (39. Qh6+ Ke8 40. Qh8+ Ke7 41. Qb8) 39... Kg7 40. Qg5+ $2 (40. h4) 40... Kf8 41. Qh6+ {White is clearly winning.} Ke7 42. Qf6+ Ke8 43. Qh8+ Ke7 44. Qb8 {White threatens Qd6+ and mate.} Bg6 45. Qd6+ Kf7 46. Qd7+ Kf8 47. Qxe6 {Precision: White = 57%, Black = 35%.} 1-0

[Event "EICC 2017"]
[Site "Minsk"]
[Date "2017.06.01"]
[Round "3"]
[White "Alekseev, Evgeny"]
[Black "Teterev, Vitaly"]
[Result "1/2-1/2"]
[WhiteElo "2610"]
[BlackElo "2487"]
[Annotator "TA"]
[PlyCount "89"]
[EventDate "2017.??.??"]
[EventCountry "BLR"]
[SourceTitle "playchess.com"]
[Source "ChessBase"]
[SourceQuality "1"]

{[%evp 9,89,18,33,-5,8,0,43,0,0,0,18,20,12,0,0,-27,-30,-12,-9,-31,-29,-30,-15,-39,-39,-39,-39,-38,-41,-57,-47,-88,-81,-98,-66,-62,-54,-71,0,0,0,0,10,22,13,12,21,-83,-74,-95,-98,-135,-135,-122,-21,-17,-21,-14,-27,-52,-15,-59,-70,-64,0,0,0,0,0,0,0,0,0,0,0,0,0,0,0,0,0,0]} 1. d4 Nf6 2. Bf4 c5 3. d5 d6 4. Nc3 a6 5. a4 e5 6. Bc1 $146 {A45: Trompowsky Attack} ({Predecessor:} 6. dxe6 Bxe6 7. e4 Qb6 8. Nge2 Nc6 9. g3 Nd4 10. Bg2 Qxb2 {0-1 (43) Alekseev,E (2610)-Nepomniachtchi,I (2751) Sochi 2017}) 6... Bf5 7. g3 h6 8. Bg2 {White is slightly better.} e4 $1 9. f3 Qe7 10. fxe4 Bh7 {[%cal Rf6e4]} (10... Nxe4 $2 11. Qd3 $18) 11. Nh3 Nxe4 12. O-O Nxc3 13. bxc3 Nd7 $36 {[%cal Bb8d7,Bd7e5,Be5c4][%mdl 2080] White is under pressure.} 14. c4 Ne5 15. Nf4 Nxc4 {[#]} 16. e4 $1 {[%mdl 512]} g6 {[%cal Bg7g6,Bg6g5][%mdl 32]} ({But not} 16... Bxe4 $2 17. Bxe4 O-O-O 18. Qe2 $18) 17. Qe2 Bg7 18. Rb1 Ne5 19. Nd3 g5 20. Bh3 O-O 21. Bf5 Bxf5 22. Rxf5 Ng6 23. Bb2 c4 (23... Rae8 $17 24. Nf2 Qd7) 24. Bxg7 $11 Kxg7 25. Nf2 Ne5 26. Nd1 {[#]} b5 $1 {[%mdl 512]} 27. axb5 axb5 28. Rxb5 (28. Ne3 $11 {keeps the balance.}) 28... Qa7+ $1 $17 29. Kg2 {[#]} Qd4 $1 30. Rb1 Ra2 31. Kf1 {[#]} Rfa8 ({Black should play} 31... Ra3 $1 $17 32. Kg2 Rfa8) 32. Qe3 $11 Qxe3 33. Nxe3 c3 34. Rb3 R8a4 35. Rf2 Rxe4 36. Rxc3 {[#]} Rxe3 $1 {[%mdl 512]} 37. Rxe3 $15 {[%mdl 4096] Endgame KRR-KRN. The position is equal.} Ng4 38. Ree2 Nxf2 39. Kxf2 $11 {KR-KR} Kf6 40. Ke3 Ke5 41. Kd3+ Kf6 42. Re8 Ra1 (42... Ra5 $5 {[%cal Ra5d5]}) 43. Rh8 Ke5 44. Rxh6 Rd1+ 45. Ke2 {Precision: White = 50%, Black = 68%.} 1/2-1/2